000 nam a22 a 4500
999 _c1848
_d1848
005 20170512103052.0
008 170512b1952 B ||||| |||| 00| 0 eng d
040 _aAKMAL
082 _a341.767 CUS
090 _a341.767
_bCUS
245 _a Customs Convention on the Temporary Importation of Pedagogic Material. Brussels, June 8, 1970, etc. Eng. & Fr.
260 _aLONDON
_c1952
300 _a31 p. ;
_c8ยบ.
942 _2ddc
_cBOOK